| 000 | 01943nam a2200241Ia 4500 | ||
|---|---|---|---|
| 003 | Ost | ||
| 005 | 20260507075244.0 | ||
| 008 | 260507s9999||||xx |||||||||||||| ||und|| | ||
| 040 | _cfsecg | ||
| 041 | _aara | ||
| 082 | _a330 | ||
| 100 |
_aسالم، محمد علي _eمؤلف |
||
| 245 | 0 |
_aنظرية التنظيم / _c محمد علي سالم |
|
| 260 |
_aعمان: _bدار البداية, _c2009 |
||
| 300 |
_a211 صفحة؛ _bإيضاحات ؛ _c24 سم |
||
| 504 | _aمراجع ص.208 | ||
| 520 | _aفكرة تاريخية عن ادارة المنظمات ، اتجاه العلاقات الانسانية ، الاتجاه الحديث في الفكر الاداري ، المنظمات كنظام مفتوح ، نموذج النظام العام ، النظم الفرعية المترابطة ، النظم والظروف الخارجية للمنظمة المداخل المختلفة لدراسة التنظيم ، نظرية التنظيم الكلاسيكية ، نظرية البيروقراطية ، نموذج مرتون للبيروقراطية، نموذج سلزنيك ، نموذج جولدنر، نظرية الادارة العلمية ، نظريات التقسيم الاداري ، نظرية موني و رليلي ، نظريات العلاقات الانسانية ، نظرية الفلسفة الادارية (دوجلاس ماكجروجر)، نظريات التنظيم المعدلة ، نظرية التنظيم الاجتماعي ، نظرية التناقض بين الفرد و التنظيم ، نظرية التفاعل ، نظريات التنظيم الحديثة ، نظرية اتخاذ القرارات و التوازن التنظيمي ، النظرية التجميعية، المدخل التكاملي لنظرية التنظيم . | ||
| 653 | _aالإدارة | ||
| 653 | _aالتنظيم | ||
| 653 | _aالفكر الاداري | ||
| 653 | _aالمنظمة | ||
| 942 | _cكتاب | ||
| 999 |
_c43646 _d43646 |
||